|
|
|
|
| LEADER |
04040nam a22005775i 4500 |
| 001 |
978-3-540-68982-9 |
| 003 |
DE-He213 |
| 005 |
20151204173942.0 |
| 007 |
cr nn 008mamaa |
| 008 |
100301s2008 gw | s |||| 0|eng d |
| 020 |
|
|
|a 9783540689829
|9 978-3-540-68982-9
|
| 024 |
7 |
|
|a 10.1007/978-3-540-68982-9
|2 doi
|
| 040 |
|
|
|d GrThAP
|
| 050 |
|
4 |
|a QA76.758
|
| 072 |
|
7 |
|a UMZ
|2 bicssc
|
| 072 |
|
7 |
|a UL
|2 bicssc
|
| 072 |
|
7 |
|a COM051230
|2 bisacsh
|
| 082 |
0 |
4 |
|a 005.1
|2 23
|
| 245 |
1 |
0 |
|a Analytical and Stochastic Modeling Techniques and Applications
|h [electronic resource] :
|b 15th International Conference, ASMTA 2008 Nicosia, Cyprus, June 4-6, 2008 Proceedings /
|c edited by Khalid Al-Begain, Armin Heindl, Miklós Telek.
|
| 264 |
|
1 |
|a Berlin, Heidelberg :
|b Springer Berlin Heidelberg,
|c 2008.
|
| 300 |
|
|
|a XI, 323 p.
|b online resource.
|
| 336 |
|
|
|a text
|b txt
|2 rdacontent
|
| 337 |
|
|
|a computer
|b c
|2 rdamedia
|
| 338 |
|
|
|a online resource
|b cr
|2 rdacarrier
|
| 347 |
|
|
|a text file
|b PDF
|2 rda
|
| 490 |
1 |
|
|a Lecture Notes in Computer Science,
|x 0302-9743 ;
|v 5055
|
| 505 |
0 |
|
|a Traffic Modeling -- Markovian Characterisation of H.264/SVC Scalable Video -- Using the Whittle Estimator for the Selection of an Autocorrelation Function Family -- Using Load Transformations to Predict the Impact of Packet Fragmentation and Losses on Markovian Arrival Processes -- Queueing Systems -- Modeling Web Server Traffic with Session-Based Arrival Streams -- Mixed Finite-/Infinite-Capacity Priority Queue with Interclass Correlation -- Performance Evaluation of a Gradual Differentiation Scheme for Telecommunication Networks -- Analytical Methods and Applications -- An Analytical Study of the Resource Diffusion in Non-homogeneous P2P Networks -- A Hessenberg Markov Chain for Fast Fibre Delay Line Length Optimization -- Stochastic Fatigue Models for Efficient Planning Inspections in Service of Aircraft Structures -- Distributions in Stochastic Modeling -- Effective Minimization of Acyclic Phase-Type Representations -- A Response Time Distribution Model for Zoned RAID -- Exact Sojourn Time Distribution in an Online IPTV Recording System -- Queueing Networks -- An Empirical Case-Study of a Central-Server-Model on System Performance -- A Tandem Queueing Model for Delay Analysis in Disconnected Ad Hoc Networks -- Exact Asymptotic Analysis of Closed BCMP Networks with a Common Bottleneck -- Multiclass G-Networks of Processor Sharing Queues with Resets -- Simulation and Model Checking -- Simulation of a Peer to Peer Market for Grid Computing -- Perfect Simulation of Stochastic Automata Networks -- Model Checking of Infinite State Space Markov Chains by Stochastic Bounds -- Wireless Networks -- Bottleneck Analysis for Two-Hop IEEE 802.11e Ad Hoc Networks -- Contention-Based Polling Efficiency in Broadband Wireless Networks -- Performance Evaluation of the High Speed Downlink Packet Access in Communications Networks Based on High Altitude Platforms.
|
| 650 |
|
0 |
|a Computer science.
|
| 650 |
|
0 |
|a Computer communication systems.
|
| 650 |
|
0 |
|a Computer system failures.
|
| 650 |
|
0 |
|a Software engineering.
|
| 650 |
|
0 |
|a Computer logic.
|
| 650 |
|
0 |
|a Mathematical statistics.
|
| 650 |
1 |
4 |
|a Computer Science.
|
| 650 |
2 |
4 |
|a Software Engineering/Programming and Operating Systems.
|
| 650 |
2 |
4 |
|a Software Engineering.
|
| 650 |
2 |
4 |
|a Computer Communication Networks.
|
| 650 |
2 |
4 |
|a Probability and Statistics in Computer Science.
|
| 650 |
2 |
4 |
|a Logics and Meanings of Programs.
|
| 650 |
2 |
4 |
|a System Performance and Evaluation.
|
| 700 |
1 |
|
|a Al-Begain, Khalid.
|e editor.
|
| 700 |
1 |
|
|a Heindl, Armin.
|e editor.
|
| 700 |
1 |
|
|a Telek, Miklós.
|e editor.
|
| 710 |
2 |
|
|a SpringerLink (Online service)
|
| 773 |
0 |
|
|t Springer eBooks
|
| 776 |
0 |
8 |
|i Printed edition:
|z 9783540689805
|
| 830 |
|
0 |
|a Lecture Notes in Computer Science,
|x 0302-9743 ;
|v 5055
|
| 856 |
4 |
0 |
|u http://dx.doi.org/10.1007/978-3-540-68982-9
|z Full Text via HEAL-Link
|
| 912 |
|
|
|a ZDB-2-SCS
|
| 912 |
|
|
|a ZDB-2-LNC
|
| 950 |
|
|
|a Computer Science (Springer-11645)
|